Statistics for Types of Rubik's Cubes 2.0

Click here to take the quiz!

General Stats

  • This quiz has been taken 20 times
    (9 since last reset)
  • The average score is 9 of 11

Answer Stats

Answer% Correct
1x1
100%
2x2
100%
3x3
100%
4x4
100%
5x5
100%
6x6
100%
7x7
100%
8x8
100%
pyraminx
56%
skewb
56%
mirror
33%

Score Distribution

Percentile by Number Answered

Percent of People with Each Score

Your Score History

You have not taken this quiz since the last reset